|
|
|
|
| LEADER |
01005nam a22002532a 4500 |
| 001 |
001915415 |
| 003 |
CZ BrMZK |
| 005 |
20241112071636.0 |
| 007 |
ta |
| 008 |
241112s1986 xr a er|||||||||||cze d |
| 040 |
|
|
|a ABE310
|b cze
|
| 080 |
|
|
|a 7.071.1(437.32)"1924/1999"Králík,J.
|
| 110 |
2 |
|
|a Muzeum Kroměřížska (Kroměříž, Česko)
|
| 245 |
1 |
0 |
|a Jaroslav J. Králík /
|c [Muzeum Kroměřížska - zámek Chropyně, duben - říjen 1986, Okresní vlastivědné muzeum Vsetín, listopad - prosinec 1986]
|
| 260 |
|
|
|a [S.l.] :
|b [s.n.],
|c [1986]
|
| 300 |
|
|
|a [6] s. :
|b čb. obr. ;
|c 31 x 21 cm
|
| 500 |
|
|
|a Úvodní text Václav Formánek.
|
| 600 |
1 |
7 |
|a Králík, Jaroslav,
|d 1924-1999
|7 jn19981001695
|2 czenas
|
| 653 |
0 |
|
|a koláže
|a malíři
|a obrazy
|a výtvarníci
|
| 710 |
2 |
|
|a Okresní vlastivědné muzeum (Vsetín, Česko)
|
| 910 |
|
|
|a BOA001
|b X2-1536.249
|
| 990 |
|
|
|a BK
|
| 991 |
|
|
|b 202410
|
| 996 |
6 |
|
|b 2610985777
|c X2-1536.249
|l MZK
|r Sklad / do 24 hodin
|n 0
|p dar
|w 001984636
|u 000010
|a 1
|e BOA001
|j MZK50
|s P
|